Najlepsi żużlowcy PGE Ekstraligi 2024 - Statystyki

Ogólne statystyki
  • Ten quiz został rozwiązany 50 razy
  • Średni wynik to 14 z 30
Statystyki odpowiedzi
Śr.biegowa Odpowiedź % Poprawnych
2,419 Bartosz Zmarzlik
89%
2,462 Artiom Łaguta
79%
2,056 Patryk Dudek
71%
1,935 Fredrik Lindgren
68%
2,095 Dominik Kubera
63%
1,978 Jack Holder
63%
2,416 Leon Madsen
63%
1,893 Maciej Janowski
63%
2,194 Janusz Kołodziej
61%
1,675 Piotr Pawlicki
55%
2,271 Robert Lambert
55%
2,096 Anders Thomsen
53%
1,659 Przemysław Pawlicki
53%
2,020 Daniel Bewley
50%
2,191 Emil Sajfutdinow
50%
2,080 Jarosław Hampel
50%
2,151 Martin Vaculik
50%
2,072 Max Fricke
47%
1,652 Mikkel Michelsen
45%
1,770 Grzegorz Zengota
42%
1,706 Mateusz Cierniak
39%
2,060 Wiktor Przyjemski
39%
2,111 Michael Jepsen Jensen
34%
1,976 Ben Cook
32%
1,826 Kacper Woryna
32%
1.776 Bartłomiej Kowalski
29%
1,700 Szymon Woźniak
24%
1,707 Andrzej Lebiediew
18%
1,861 Wadim Tarasienko
18%
1,763 Rasmus Jensen
11%
Nie znaleziono quizów pasujących do podanych kryteriów
Rozkład punktacji
Procent ludzi z każdym wynikiem
Percentyl według liczby udzielonych odpowiedzi
Twoja historia wyników
Nie rozwiązałeś tego quizu